000 00895nam a2200241 i 4500
001 13976
003 ES-MaACL
005 20230906150713.0
007 t|
008 980825s1998 sp ||||1| spa d
020 _a84-7795-153-5
080 _a821.134.2 Blasco Ibáñez, Vicente (064.3)
080 _a929 Blasco Ibáñez, Vicente (064.3)
245 0 0 _aVicente Blasco Ibáñez y el novelista universal :
_bCentre Cultural La Beneficència, Diputació de València, del 14 de mayo de 1998 al 30 de junio de 1998.
260 _aValencia :
_bDiputación de València,
_c[1998]
300 _a117 p. :
_bil. ;
_c28 cm.
600 1 4 _aBlasco Ibáñez, Vicente,
_d1867-1928-
_vExposiciones
_929391
655 7 _2tgfbne
_9193628
_aCatálogos de exposiciones
710 2 _aCentre Cultural La Beneficència.
_92540
852 _aES-MaACL
_jL-21173
942 _2udc
999 _c13976
_d13976